[Event "AUTO-MASTER-3290"]
[Site "http://www.queenalice.com/game.php?id=1869985"]
[Date "2026.2.28"]
[Round "2"]
[White "Takeda"]
[Black "JailtonMaster"]
[Result "1/2-1/2"]
[WhiteElo "2138"]
[BlackElo "2117"]

1. e4 e5 2. Nf3 Nc6 3. Bb5 a6 4. Ba4 b5 5. Bb3 Nf6 6. O-O Be7 7. d4 exd4 8. Nxd4
Bb7 9. e5 Nxe5 10. Re1 d6 11. Nf5 Ng6 12. Nxg7+ Kf8 13. Bh6 Kg8 14. Nc3 c5 15.
a4 c4 16. Ba2 Bf8 17. Nf5 Bxh6 18. Nxh6+ Kg7 19. Nf5+ Kf8 20. axb5 axb5 21. Nxb5
d5 22. Nbd4 Ne4 23. f3 Nd6 24. Nxd6 Qxd6 25. Qe2 Qf4 26. b3 Qxd4+ 27. Kh1 cxb3
28. cxb3 Bc6 29. Rac1 Re8 30. Qc2 Kg7 31. Qxc6 Rxe1+ 32. Rxe1 Qd2 33. Ra1 Nf4
34. Rg1 Ne2 35. Ra1 Nf4 36. Rg1 Qxa2 37. Qc3+ Kg8 38. Qe5 Qd2 39. Qe8+ Kg7 40.
Qe5+ Kg6 41. Qxh8 Ne2 42. Qg8+ Kh6 43. Qf8+ Kg6 44. Qd6+ f6 45. Ra1 d4 46. b4
Nf4 47. Rg1 Ne2 48. Ra1 d3 49. g3 Qe3 50. Qd5 Nc3 51. h4 d2 52. Qg8+ Kh6 53.
Qf8+ Kg6 54. h5+ Kxh5 55. Qf7+ Kg5 56. Ra5+ Qe5 57. f4+ Kh6 58. fxe5 d1=Q+ 59.
Kg2 Qe2+ 60. Kh3 Qf1+ 61. Kg4 Qe2+ 62. Kf5 Qf3+ 63. Ke6 Qc6+ 64. Kf5 1/2-1/2

[Event "AUTO-MASTER-3290"]
[Site "http://www.queenalice.com/game.php?id=1869992"]
[Date "2026.2.28"]
[Round "2"]
[White "Takeda"]
[Black "rmvwoods"]
[Result "1-0"]
[WhiteElo "2134"]
[BlackElo "2053"]

1. e4 c5 2. Nf3 d6 3. d4 cxd4 4. Nxd4 Nf6 5. Nc3 a6 6. Bd3 e5 7. Nde2 Be7 8. O-O
Be6 9. f4 O-O 10. f5 Bd7 11. Bg5 Nc6 12. Bxf6 Bxf6 13. Nd5 Bg5 14. g3 Ne7 15. c4
Nxd5 16. cxd5 Be3+ 17. Kg2 b5 18. Ng1 f6 19. Nf3 Rc8 20. Qe2 Ba7 21. Rac1 Qb6
22. Rxc8 Rxc8 23. Nd2 Qe3 24. Qxe3 Bxe3 25. Nb3 g6 26. fxg6 Kg7 27. gxh7 Rf8 28.
Na5 Kxh7 29. Nb7 Bc5 30. Rc1 Rc8 31. a3 Kg6 32. b4 Bb6 33. Rxc8 Bxc8 34. Nxd6
Bd7 35. Nb7 Bc8 36. Nc5 Kf7 37. d6 Ke8 38. h4 Bxc5 39. bxc5 Bb7 40. g4 Bc6 41.
Kf3 Kf7 42. Bc2 1-0

[Event "AUTO-MASTER-3290"]
[Site "http://www.queenalice.com/game.php?id=1869993"]
[Date "2026.2.28"]
[Round "2"]
[White "rmvwoods"]
[Black "Takeda"]
[Result "1-0"]
[WhiteElo "2016"]
[BlackElo "2155"]

1. e4 g6 2. d4 Bg7 3. Nf3 d6 4. c3 Nf6 5. Bd3 O-O 6. O-O Nbd7 7. Bg5 a6 8. Nbd2
h6 9. Bh4 e5 10. h3 Re8 11. Qc2 g5 12. Bg3 Nh5 13. Bh2 Nf4 14. Bc4 b5 15. Bb3 c5
16. Bxf4 exf4 17. Bd5 Ra7 18. a4 Rc7 19. Qb3 c4 20. Qb4 Nb6 21. axb5 Nxd5 22.
exd5 Bb7 23. bxa6 Bxd5 24. Ra5 Ba8 25. Nxc4 Bxf3 26. gxf3 Bf8 27. Nb6 Ra7 28.
Nd5 Kg7 29. Qb6 Qxb6 30. Nxb6 Rb8 31. Nc4 d5 32. Ne5 Rxb2 33. Rxd5 Rxa6 34. Rc1
Raa2 35. Rf1 Ra3 36. c4 Ra4 37. Rd7 Kg8 38. Nxf7 Rxc4 39. Ne5 Rcc2 40. Ng4 Bg7
41. Re1 h5 42. Re8+ Kh7 43. Nf6+ Kg6 44. Ne4 Rc1+ 45. Kg2 Rbb1 46. Rd6+ Kh7 47.
Nxg5# 1-0

[Event "AUTO-OPEN-4584"]
[Site "http://www.queenalice.com/game.php?id=1871543"]
[Date "2026.4.6"]
[Round "2"]
[White "rmvwoods"]
[Black "Takeda"]
[Result "0-1"]
[WhiteElo "1970"]
[BlackElo "2124"]

1. e4 g6 2. d4 Bg7 3. Nf3 d6 4. c3 Nf6 5. Bd3 O-O 6. O-O Nbd7 7. Bg5 h6 8. Bh4
g5 9. Bg3 Nh5 10. Nbd2 Nxg3 11. fxg3 e5 12. h4 g4 13. Ne1 exd4 14. Qxg4 dxc3 15.
bxc3 Ne5 16. Qe2 Bg4 17. Nef3 Nxf3+ 18. gxf3 Bh3 19. Rf2 Bxc3 20. Rb1 Bd4 21.
Kh2 Bxf2 22. Kxh3 Bb6 23. Nc4 Qd7+ 24. Kg2 Kh8 25. Qd2 Kg7 26. Nxb6 axb6 27.
Qb2+ f6 28. g4 Qa4 29. Ra1 Qa3 30. Qc2 Qc5 31. Qb3 Ra3 32. Qc4 Qe3 33. Qxc7+ Rf7
34. Qxd6 Rxd3 35. Qg3 Rd2+ 36. Kh1 Rf2 0-1

[Event "AUTO-OPEN-4584"]
[Site "http://www.queenalice.com/game.php?id=1871544"]
[Date "2026.4.6"]
[Round "2"]
[White "Takeda"]
[Black "rmvwoods"]
[Result "1-0"]
[WhiteElo "2139"]
[BlackElo "2038"]

1. e4 e6 2. Nf3 d5 3. exd5 exd5 4. d4 Bd6 5. Bd3 Nf6 6. O-O O-O 7. h3 Be6 8. Nc3
Nbd7 9. Bg5 h6 10. Bh4 g5 11. Bg3 g4 12. hxg4 Bxg4 13. Qd2 Kg7 14. Bxd6 cxd6 15.
Nh2 Rh8 16. Nxg4 Nxg4 17. g3 Qg5 18. Qxg5+ hxg5 19. Nxd5 Rh6 20. f3 Ngf6 21. Ne7
Rh3 22. Nf5+ Kf8 23. Kg2 Rh7 24. Nxd6 Ke7 25. Bxh7 1-0

[Event "AUTO-OPEN-4584"]
[Site "http://www.queenalice.com/game.php?id=1871549"]
[Date "2026.4.6"]
[Round "2"]
[White "Takeda"]
[Black "josebaron"]
[Result "0-1"]
[WhiteElo "2148"]
[BlackElo "2179"]

1. e4 e5 2. Nf3 Nc6 3. d4 exd4 4. Nxd4 d6 5. Nc3 Nf6 6. Be2 Be7 7. O-O O-O 8. f3
Nxd4 9. Be3 Nxe2+ 10. Qxe2 b6 11. Nd5 Nxd5 12. exd5 Bb7 13. c4 a5 14. a3 Re8 15.
Qf2 Bf6 16. Rab1 h6 17. b4 axb4 18. axb4 b5 19. cxb5 Bxd5 20. b6 Ra2 21. bxc7
Rxf2 22. cxd8=Q Rxf1+ 23. Kxf1 Rxd8 24. b5 Rb8 25. Kf2 Kf8 26. g4 Ke7 27. Kg3
Bc4 28. b6 Rb7 29. Rc1 d5 30. h4 Kd6 31. g5 hxg5 32. hxg5 Bd8 33. f4 Kc6 34. Bd4
g6 35. Re1 Bxb6 0-1

[Event "AUTO-OPEN-4584"]
[Site "http://www.queenalice.com/game.php?id=1871550"]
[Date "2026.4.6"]
[Round "2"]
[White "josebaron"]
[Black "Takeda"]
[Result "0-1"]
[WhiteElo "2208"]
[BlackElo "2127"]

1. e4 g6 2. Nf3 Bg7 3. d4 d6 4. Be2 Nf6 5. O-O O-O 6. c4 Nxe4 7. Bd3 Nf6 8. Nc3
Nbd7 9. Bg5 h6 10. Bh4 g5 11. Bg3 Nh5 12. h3 Nxg3 13. fxg3 e5 14. dxe5 dxe5 15.
Kh2 f5 16. Ng1 e4 17. Bc2 Ne5 18. Qxd8 Rxd8 19. Bb3 Be6 20. Nd5 Rd7 21. Nc3 Bxc4
22. Bxc4+ Nxc4 23. Rxf5 Re8 24. Nce2 Nxb2 25. Rb1 b6 26. Rff1 Rd2 27. a3 Nc4 28.
Rbc1 b5 29. h4 gxh4 30. gxh4 Ne3 31. Rfe1 Ng4+ 32. Kg3 h5 33. Nf4 Nf2 34. Nf3
Ra2 0-1

[Event "AUTO-OPEN-4651"]
[Site "http://www.queenalice.com/game.php?id=1873061"]
[Date "2026.5.8"]
[Round "1"]
[White "Takeda"]
[Black "josebaron"]
[Result "0-1"]
[WhiteElo "2137"]
[BlackElo "2190"]

1. e4 e5 2. Nf3 Nc6 3. Bb5 d6 4. h3 Nf6 5. O-O Nxe4 6. d4 Bd7 7. Bxc6 Bxc6 8.
dxe5 dxe5 9. Qxd8+ Rxd8 10. Nbd2 Nxd2 11. Bxd2 Bxf3 0-1